| 000 | 01403nam a2200373 a 4500 | ||
|---|---|---|---|
| 001 | 000111951 | ||
| 003 | CHAP | ||
| 005 | 20220329144238.0 | ||
| 008 | 151110s2015 mx a fsm |||||||spa d | ||
| 010 | _a108412 | ||
| 011 | _a109384 | ||
| 040 | _cCHAP | ||
| 090 | _aTesis | ||
| 100 | 1 |
_aEsteban Santiago, José Mauricio _9129956 |
|
| 245 | 1 | 0 |
_aIdentificación de la pudrición de raíz y semilla de alfalfa (Medicago sativa) _h[En línea] _cpor José Mauricio Esteban Santiago. |
| 260 |
_aChapingo, Méx. : _bEl autor, _c2015. |
||
| 500 | _aPara ver el contenido del material haga clic en la liga | ||
| 502 | _aTesis (Ing. Agr. Esp. en Parasitología Agrícola) -- UACH. Departamentode Parasitología Agrícola | ||
| 590 |
_aE11695DGD _b10 _c20151114 _lUCH01 _h0946 |
||
| 590 |
_aE5995AHE _b05 _c20151110 _lUCH01 _h1228 |
||
| 590 |
_aE5995AHE _b05 _c20151110 _lUCH01 _h1228 |
||
| 590 |
_aE5995AHE _b05 _c20151110 _lUCH01 _h1230 |
||
| 590 |
_aE5995AHE _b05 _c20151110 _lUCH01 _h1231 |
||
| 590 |
_aE5995AHE _b05 _c20151110 _lUCH01 _h1234 |
||
| 650 | 1 | 4 |
_aAlfalfa _xEnfermedades. _93863 |
| 650 | 1 | 4 |
_aAlfalfa _xGuanajuato. _93870 |
| 650 | 1 | 4 |
_aAlfalfa _xSemilla. _93888 |
| 650 | 1 | 4 |
_aPudrición de la raíz _xAlfalfa. _992841 |
| 650 | 1 | 4 |
_aPudrición texana de la raíz. _992868 |
| 856 |
_aFinding aid _uhttp://10.13.5.2/tesis/sist111951.pdf _zTeclea aquí |
||
| 901 | _aBK | ||
| 942 | _cTESIS | ||
| 942 | _n0 | ||
| 999 |
_c108412 _d108412 |
||